| 000 | 02515nam0a2200397 i 4500 | ||
|---|---|---|---|
| 001 | RU\NLR\bibl\1949946 | ||
| 005 | 20260406010816.0 | ||
| 010 |
_a9785904234294 _9100 |
||
| 021 |
_aRU _b2012-65816 _94820 |
||
| 035 | _a(nilc)RSL-KNO-005488045 | ||
| 035 | _a(NLR Aleph) 001939104 | ||
| 090 |
_a3540775 _c3540775 |
||
| 100 | _a20120903d2012 k y0rusy50 ca | ||
| 101 | 0 |
_arus _deng _eeng _erus |
|
| 102 | _aRU | ||
| 105 | _aa ||||||||| | ||
| 200 | 1 |
_aВопросы тепломассопереноса в проблеме подземной изоляции радиационно опасных материалов _dHeat and mass transfer questions in the problem of underground isolation of radiation-hazardous materials _fАмосов П.В. _gФедер. гос. бюджет. учреждение науки, Гор. ин-т Кольс. науч. центра Рос. акад. наук (ГоИ КНЦ РАН), Гос. образоват. учреждение высш. проф. образования Петрозавод. гос. ун-т, Кольс. фил. (КФ ПетрГУ) _zeng |
|
| 210 |
_aЯрославль _cГосударственное образовательное учреждение высшего профессионального образования Кольский филиал ПетрГУ _d2012 |
||
| 215 |
_a170 с. _cил. _d30 |
||
| 300 | _aАвт. также на англ. яз.: P.V. Amosov | ||
| 300 | _aРез. на англ. яз. | ||
| 320 | _aБиблиогр.: с. 160-166 (79 назв.) | ||
| 510 | 0 |
_6z77790 _aHeat and mass transfer questions in the problem of underground isolation of radiation-hazardous materials _zeng |
|
| 606 | 1 |
_aЯдерное топливо отработанное _xЗахоронение подземное _yРоссийская Федерация _yСевер _92603797 _3RU\NLR\auth\661540355 |
|
| 606 | 1 |
_aРадиоактивные отходы _xЗахоронение _yРоссийская Федерация _yСевер _92165298 _3RU\NLR\auth\661302879 |
|
| 686 |
_aЛ362.090.99-1,0 _2rubbk |
||
| 686 | _aЛ362.090.9 | ||
| 700 | 1 |
_4070 _8rus _7ca _aАмосов _bП. В. _gПавел Васильевич _3RU\NLR\auth\77116272 _999197 |
|
| 790 | 1 |
_4070 _8rus _7ba _aAmosov _bP. V. _gPavel Vasil'evič _3RU\NLR\auth\77116279 _999204 |
|
| 801 | 0 |
_aRU _bRuMoRKP _c20120903 _grcr |
|
| 801 | 1 |
_aRU _bРГБ _c20120903 |
|
| 801 | 2 |
_aRU _bNLR _c20121001 _grcr |
|
| 830 | _aавт. по ЭК | ||
| 942 | _cBOOK | ||
| 980 | _aNBR | ||